My Little Pony - Babs Seed (song) - Lyrics Quiz - Statistics

General Stats
  • This quiz has been taken 65 times
  • The average score is 207 of 268
Answer Stats
Character Lyrics % Correct
A
97%
a
97%
see?
97%
we
95%
Babs
92%
Babs,
92%
Seed,
92%
seed
92%
Seed-
92%
seed!
92%
bad,
89%
bad
89%
bad-
89%
bully
89%
bully,
89%
go
89%
just
89%
She
89%
Scootaloo Oh,
86%
the
86%
Scootaloo But
84%
be
81%
friend
81%
it
81%
on
81%
our
81%
she's
81%
Scootaloo She's
81%
tail
81%
do?
78%
from
78%
run,
78%
sweet
78%
to
78%
what
78%
and
76%
Apple Bloom First,
76%
gonna
76%
Got
76%
have,
76%
have
76%
so
76%
that
76%
thought
76%
was
76%
Cutie Mark Crusaders Yeah,
76%
yeah,
76%
yeah
76%
east
73%
for
73%
Gotta
73%
gotta
73%
new
73%
really,
73%
really
73%
step
73%
you
73%
ahead
70%
Apple Bloom Everywhere
70%
hide,
70%
Is
70%
such
70%
turn,
70%
bail
68%
Crusaders,
68%
Cutie
68%
like
68%
Mark
68%
then,
68%
then
68%
treat
68%
beast
65%
fight
65%
found
65%
mean?
65%
now,
65%
went
65%
Why
65%
don't
62%
hurry,
62%
isn't
62%
Isn't
62%
lookin'
62%
truth;
62%
after
59%
aren't
59%
flee
59%
know
59%
out
59%
seemed
59%
her
57%
right
57%
Can't
54%
Apple Bloom Hiding
54%
of
54%
til'
54%
we'll
54%
if
51%
rude?
51%
some
51%
way
51%
we're
51%
all
49%
angry?
49%
friends?
49%
nice?
49%
how
46%
again
43%
home
43%
peace
43%
she'll
43%
soon,
43%
ends?
41%
sad?
41%
staying
41%
crude?
35%
No matching quizzes found
Score Distribution
Percent of People with Each Score
Percentile by Number Answered
Your Score History
You have not taken this quiz